| 000 | 00849nam a22002897a 4500 | ||
|---|---|---|---|
| 001 | 200460114 | ||
| 003 | TR-AnTOB | ||
| 005 | 20240514084741.0 | ||
| 008 | 240514b tu ||||| |||| 00| 0 tur d | ||
| 020 | _a9789944812504 | ||
| 040 |
_aTR-AnTOB _beng _cTR-AnTOB _erda |
||
| 041 | _atur | ||
| 092 |
_a808.06831 _bERD 2021 |
||
| 100 | 1 | _aUzun, Şükran | |
| 245 | 1 | 0 |
_aSihirli gözlük / _cŞükran Uzun ; resimleyen: Mehmet Baltaoğlu. |
| 260 |
_aAnkara : _bAta Yayıncılık, _c2021. |
||
| 300 |
_a16 Pages. : _bill. ; _c28 cm. |
||
| 336 |
_atext _btxt _2rdacontent |
||
| 337 |
_aunmediated _bn _2rdamedia |
||
| 338 |
_avolume _bnc _2rdacarrier |
||
| 490 | 0 | _aÇikolata serisi | |
| 650 | 4 | _aÇocuk hikâyeleri, Türk | |
| 700 | 1 |
_aBaltaoğlu, Mehmet, _eill. |
|
| 942 |
_2ddc _cBK |
||
| 999 |
_c200460114 _d78326 |
||